Datum a čas kvízu
18.5
Celkem bodů
Celkový počet nahraných bodů na tomto kvízu bez doplňovacích otázek.
7.
Pořadí na kvízu
Konečné umístění týmu na tomto kvízu.
Zaznamenané odpovědi
# | Otázka | Odpověď | Body | Výsledky |
---|---|---|---|---|
1. | Ve čtvrtek byly zveřejněny výs... | Václav Havel, Václav Klaus, Petr Pavel | 0 | |
2. | Jeden švýcarský turista se v p... | v Mostaru | 0 | |
3. | Minulý týden byl potvrzen rozc... | Katy Perry, Orlando Bloom | 1 | |
4. | Minulý týden byly odhaleny pod... | KFC | 1 | |
5. | V Ostravě se konal tradiční at... | 400 m překážek | 0 | |
6. | Ve filmové sérii Muži v černém... | J a K | 1 | |
7. | Napište originální anglický ná... | The Hangover | 0 | |
8. | Seřaďte jednotlivé díly filmov... | 1A 2C 3B 4D | 0 | |
9. | Jak se jmenovala dcera Edwarda... | A | 1 | |
10. | Závěrem se podíváme blíže na H... | z hadů | 1 |